000 02678cam a22004574i 4500
003 PE-LiUPU
005 20250731165434.0
008 160425s2016 pe a grm 000 0 spa d
035 _a(Sirsi) a156550
040 _aPE-LiUPU
_bspa
_cPE-LiUPU
_erda
099 _aTEF 2
_bA64 2016
100 1 _aApolinario Benito, Lisbeth Vanessa
_eautor
245 1 _aFactores relacionados al abandono del tratamiento de la estrategia sanitaria nacional en prevención y control de tuberculosis en el Hospital de Huaycan Lima, 2015 /
_cLisbeth Vanessa Apolinario Benito.
264 0 _c2016.
300 _a125 hojas
_c30 cm
336 _atext
_2rdacontent
337 _aunmediated
_2rdamedia
338 _avolume
_2rdacarrier
502 _aTesis
_b(Lic.) --
_cUniversidad Peruana Unión,
_d2016.
504 _aIncluye referencias
520 3 _aObjetivo: Describir los factores relacionados al abandono del tratamiento de la estrategia sanitaria nacional de prevención y control de tuberculosis en el Hospital de Huaycán. Metodología: Fue de enfoque cuantitativo, de diseño no experimental, de corte transversal y de tipo descriptivo. La muestra estuvo conformada por 55 pacientes, entre ellos 19 mujeres y 36 hombres, los cuales fueron seleccionados por un muestreo no probabilístico de tipo intencional. Los instrumentos que se usaron fueron: una encuesta y una escala (calidad de atención). Resultados y conclusiones: Se encontró, respecto al factor sociodemográfico que el 92.7% están en el rango de 20 - 59 años, que el 78.2% contaban con nivel secundario y el 40% eran solteros. En relación al factor económico, el 54.5% poseían casa propia. En el factor ambiental, el 87.3% vivían con su familia y le ofrecían fuerza emocional (92.7%). Referente al tratamiento, se obtuvo que el 94.5% pertenecían al esquema sensible, del mismo modo, el 94.6% consideraron "mucho" o "excesivo" la cantidad de medicamentos que recibía y, por último, el 45.5% consideraron la calidad de atención como regular muestran una actitud negativa frente a esta realidad.
526 _aSEG44
526 _aSEG26
526 _aP151
526 _aP150
526 _aP149
526 _aP146
526 _aP145
526 _aP126
526 _aP125
526 _aP92
526 _aP75
526 _aP74
526 _aP27
526 _aP15
650 0 4 _aTuberculosis pulmonar
_xDignóstico
_xFactores de riesgo.
700 1 _aMolina Reymundo, Karina Lizeth
_eautor
596 _a1
942 _2ddc
_cTESIS
999 _aTEF 2 A64 2016
_wALPHANUM
_c9210
_iT01918
_lCCODEBUL3
_mBUL
_r1
_sY
_tTESIS
_u2016-4-25
_xSALUD
_PP22
_o.STAFF. Tesis
_d9210
980 _81
_gALBERTO SANCHEZ Responsable de Automatización